Statistics for State Quiz - Virginia

Click here to take the quiz!

General Stats

  • This quiz has been taken 27,524 times
    (19,297 since last reset)
  • The average score is 14 of 21

Answer Stats

HintAnswer% Correct
Capital cityRichmond
93%
Virginia is the birthplace of eight
_______, the most of any state
U.S. Presidents
90%
Historically Virginia's most
important cash crop
Tobacco
82%
First permanent English colony
in the New World
Jamestown
76%
River that separates Arlington County
from Washington D.C.
Potomac
75%
Leader of the above colony -
supposedly saved by Pocahontas
John Smith
73%
Commander of the Confederate Army
of Northern Virginia
Robert E. Lee
72%
University of Virginia founderThomas Jefferson
71%
Person for whom the
state is named
Queen Elizabeth
70%
Most populous city
(city proper)
Virginia Beach
68%
SloganVirginia is for
{Lovers}
68%
Bay between the Delmarva Peninsula
and the rest of the state
Chesapeake
66%
George Washington's estateMount Vernon
63%
City with a "colonial" historical districtWilliamsburg
56%
City home to the U.S. Atlantic FleetNorfolk
54%
Virginian who said "Give me liberty,
or give me death!"
Patrick Henry
52%
University in that town - the second
oldest in the United States
William & Mary
52%
Town where Cornwallis surrenderedYorktown
46%
Nickname of VirginiaThe Old {Dominion}
45%
Appalachian mountain pass{Cumberland} Gap
44%
Virginia's state mottoSic Semper
{Tyrannis}
42%

Score Distribution

Percentile by Number Answered

Percent of People with Each Score

Your Score History

You have not taken this quiz since the last reset